Movies Quiz

Random Movies or Quote Quiz
Score 0/14 Timer 05:00
0 Plays Today
Quote Movie % Correct
I passed through the seven levels of the Candy Cane forest, through the sea of swirly twirly gum drops, and then I walked through the Lincoln Tunnel.Elf
83.7%
You better not close your eyes, because as soon as you do, I'm gonna punch you square in the face!Step Brothers
76.2%
There's only one thing a man can do when he's, suffering from a spiritual and existential funk ...no, buy new suits!Anchorman
75.1%
Hey Mom! Can we get some meatloaf?Wedding Crashers
72.8%
Everybody panic! Oh my God, there's a bear loose in the coliseum! There will be no refunds! Your refund will be escaping this deathtrap with your life!Semi Pro
61%
This sticker is dangerous and inconvenient, but I do love Fig Newtons.Talladega Nights
48.7%
But you find yourself in the ocean, a 20 ft wave, I’m assuming its off the coast of South Africa, coming up against a full, grown, 800 lb tuna with his 20 or 30 friends. You loseThe Other Guys
47%
Quote Movie % Correct
I'll be in the neighborhood later on, and I was wondering if maybe you wanted to get some frozen yogurt, or perhaps a whole meal of food, if that would be agreeable.Old School
37.8%
Personal philosophy? Clothing optional.Blades of Glory
33%
They're like 4-foot whirling dervishes. I don't even know what a whirling dervish is but that's what they're like. Kicking and Screaming
24.6%
Oh, I'm sorry, did my pin get in the way of your @$$? Do me a favor and lose five pounds immediately or get out of my building like now! Zoolander
22.1%
Put the monkey down, and your hands up. Let's go, misters. Do you want to get shot? I didn't think so.Jay and Silent Bob Strike Back
20.9%
(singing) Guten Tag clap clap. Guten Tag slap slap.The Producers
18.1%
You're brothers? No... YES!Night at the Roxbury
15.2%
Come Together.
Have Fun.
All Virtual.
We all need to come together. Play Sporcle's virtual live trivia to have fun, connect with people, and get your trivia on. Join a live hosted trivia game for your favorite pub trivia experience done virtually. If a virtual private party is more your thing, go here for details.

You're not logged in!

Compare scores with friends on all Sporcle quizzes.
OR
Log In

Sporcle TV

Today on Sporcle TV


Watch our educational content, quiz creation guides, and fun videos on Sporcle TV.

Show Comments

Extras

Created Mar 6, 2011ReportNominate
Tags:Quote Quiz, Will Ferrell

Top Quizzes Today


Score Distribution

Paid Content

Your Account Isn't Verified!

In order to create a playlist on Sporcle, you need to verify the email address you used during registration. Go to your Sporcle Settings to finish the process.

Report this User

Report this user for behavior that violates our Community Guidelines.

Details: